[Event "Festival de Calviá 2016 - Aficionados"]
[Site "Calvia ESP"]
[Date "2016.10.13"]
[Round "6.12"]
[White "Lazarte Anello, David Emiliano"]
[Black "Yanayt, Eugene"]
[Result "0-1"]
[WhiteElo "2052"]
[BlackElo "2200"]
[PlyCount "44"]
[EventDate "2016.10.08"]
[EventType "swiss"]
[EventRounds "9"]
[EventCountry "ESP"]
[SourceTitle "Ajedrez en Madrid"]
[Source "lmi"]
[SourceDate "2016.10.08"]

1. e4 c5 2. Nf3 d6 3. d4 cxd4 4. Nxd4 Nf6 5. Nc3 g6 6. f3 Bg7 7. Be3 Nc6 8. Qd2
O-O 9. Bc4 Bd7 10. O-O-O Qa5 11. Kb1 Rfc8 12. Bb3 Ne5 13. Bg5 Rc5 14. h4 Rac8
15. g4 Rxc3 16. bxc3 Nxf3 17. Qf4 Ne5 18. Nf5 gxf5 19. gxf5 Qxc3 20. Rhg1 Nc4
21. Bxf6 Na3+ 22. Kc1 Qxc2+ 0-1

[Event "Festival de Calviá 2016 - Aficionados"]
[Site "Calvia ESP"]
[Date "2016.10.13"]
[Round "6.15"]
[White "Dugailliez, Guy"]
[Black "Wahlund, Max"]
[Result "0-1"]
[WhiteElo "1999"]
[BlackElo "2080"]
[PlyCount "60"]
[EventDate "2016.10.08"]
[EventType "swiss"]
[EventRounds "9"]
[EventCountry "ESP"]
[SourceTitle "Ajedrez en Madrid"]
[Source "lmi"]
[SourceDate "2016.10.08"]

1. e4 e5 2. Nf3 Nc6 3. d4 exd4 4. Nxd4 Qh4 5. Nxc6 Qxe4+ 6. Qe2 Qxe2+ 7. Bxe2
bxc6 8. Be3 Nf6 9. c4 Bb4+ 10. Nd2 Ne4 11. a3 Bxd2+ 12. Bxd2 Nxd2 13. Kxd2 d6
14. Rhe1 Be6 15. f4 Kd7 16. Bd3 f6 17. Re3 Rae8 18. Rae1 Bf7 19. Bf5+ Kd8 20.
Rb3 Rxe1 21. Rb8+ Ke7 22. Rxh8 Rg1 23. Rc8 Rxg2+ 24. Kd3 Be6 25. Bxe6 Kxe6 26.
Rxc7 Rxb2 27. Rxa7 Rxh2 28. Rxg7 Rh3+ 29. Ke2 Rxa3 30. Rxh7 Rc3 0-1

[Event "Festival de Calviá 2016 - Aficionados"]
[Site "Calvia ESP"]
[Date "2016.10.13"]
[Round "6.16"]
[White "Kehloul Gutierrez, Sadek"]
[Black "Walton, Alan J"]
[Result "0-1"]
[WhiteElo "1918"]
[BlackElo "2198"]
[PlyCount "90"]
[EventDate "2016.10.08"]
[EventType "swiss"]
[EventRounds "9"]
[EventCountry "ESP"]
[SourceTitle "Ajedrez en Madrid"]
[Source "lmi"]
[SourceDate "2016.10.08"]

1. d4 e6 2. Bf4 f5 3. Nf3 Nf6 4. h3 b6 5. e3 Bb7 6. Nbd2 Be7 7. c3 Ne4 8. Ne5
O-O 9. Nxe4 fxe4 10. h4 d6 11. Nc4 Nd7 12. Qg4 Rf5 13. h5 Nf6 14. Qd1 Nd5 15.
g3 Qd7 16. Bh3 Rf7 17. Nd2 Nf6 18. Qb3 d5 19. Be5 Raf8 20. O-O-O a5 21. g4 Ne8
22. g5 Rxf2 23. Bg3 a4 24. Qc2 Ba6 25. Bxf2 Bd3 26. Bxe6+ Qxe6 27. Qxa4 b5 28.
Qa5 Rxf2 29. g6 h6 30. Rde1 Qc6 31. a3 Nd6 32. Qa7 Nc8 33. Qb8 Rf8 34. Rhf1
Bxf1 35. Rxf1 Bf6 36. a4 bxa4 37. Qb4 Nd6 38. b3 axb3 39. Nxb3 Nc4 40. Na5 Qa6
41. Nb3 Nxe3 42. Rf4 Qd3 43. Rf2 Nc4 44. Ra2 Bg5+ 45. Nd2 Rf1# 0-1

[Event "Festival de Calviá 2016 - Aficionados"]
[Site "Calvia ESP"]
[Date "2016.10.13"]
[Round "6.20"]
[White "Ruiz Vinals, Matias"]
[Black "Cerdo Fernandez, Miguel"]
[Result "0-1"]
[WhiteElo "1983"]
[BlackElo "1880"]
[PlyCount "74"]
[EventDate "2016.10.08"]
[EventType "swiss"]
[EventRounds "9"]
[EventCountry "ESP"]
[SourceTitle "Ajedrez en Madrid"]
[Source "lmi"]
[SourceDate "2016.10.08"]

1. c4 Nf6 2. g3 e6 3. Bg2 Be7 4. Nc3 c5 5. e4 Nc6 6. Nge2 O-O 7. O-O d6 8. d4
Bd7 9. h3 Rc8 10. b3 e5 11. dxc5 dxc5 12. Bg5 h6 13. Bxf6 Bxf6 14. Qd3 Nd4 15.
Nxd4 cxd4 16. Nd5 Be7 17. f4 f6 18. f5 Qe8 19. Rfc1 Bd8 20. b4 Bc7 21. Qb3 Bb8
22. a4 Kh8 23. c5 Qf7 24. Kh2 b6 25. Bf1 bxc5 26. bxc5 Bc7 27. Qb7 Ba5 28. Qxa7
Ra8 29. Qb7 Rfb8 30. c6 Rxb7 31. cxb7 Rb8 32. Rc5 Rxb7 33. Rxa5 Rb2+ 34. Bg2
Qh5 35. Ra8+ Kh7 36. Ne7 Qf3 37. Rg1 Qxe4 0-1

[Event "Festival de Calviá 2016 - Aficionados"]
[Site "Calvia ESP"]
[Date "2016.10.13"]
[Round "6.23"]
[White "Satre, Mathias"]
[Black "Aditya, S Hariharan"]
[Result "1-0"]
[WhiteElo "1974"]
[BlackElo "1641"]
[PlyCount "73"]
[EventDate "2016.10.08"]
[EventType "swiss"]
[EventRounds "9"]
[EventCountry "ESP"]
[SourceTitle "Ajedrez en Madrid"]
[Source "lmi"]
[SourceDate "2016.10.08"]

1. e4 e5 2. Nf3 Nc6 3. d4 exd4 4. Bc4 Nf6 5. e5 d5 6. Bb5 Ne4 7. Nxd4 Bd7 8.
Bxc6 bxc6 9. O-O Bc5 10. f3 Ng5 11. f4 Ne4 12. Be3 O-O 13. Nd2 Nxd2 14. Qxd2 f6
15. Kh1 fxe5 16. Nxc6 Bxc6 17. Bxc5 Rxf4 18. Rxf4 exf4 19. Qxf4 Qd7 20. Re1 Re8
21. Rxe8+ Qxe8 22. Qxc7 d4 23. Bxd4 Bxg2+ 24. Kxg2 Qe4+ 25. Kg3 Qxd4 26. Qb8+
Kf7 27. Qf4+ Qxf4+ 28. Kxf4 Ke6 29. Ke4 a5 30. a3 Kd6 31. b4 a4 32. c4 Kc6 33.
c5 g5 34. Kf5 h6 35. Kg6 Kd5 36. Kxh6 Kc4 37. c6 1-0

[Event "Festival de Calviá 2016 - Aficionados"]
[Site "Calvia ESP"]
[Date "2016.10.13"]
[Round "6.25"]
[White "Slovak, Pavel"]
[Black "Drillat, Michel"]
[Result "1-0"]
[WhiteElo "2062"]
[BlackElo "1862"]
[PlyCount "41"]
[EventDate "2016.10.08"]
[EventType "swiss"]
[EventRounds "9"]
[EventCountry "ESP"]
[SourceTitle "Ajedrez en Madrid"]
[Source "lmi"]
[SourceDate "2016.10.08"]

1. Nf3 Nf6 2. c4 c5 3. Nc3 Nc6 4. d4 cxd4 5. Nxd4 g6 6. e4 Nxd4 7. Qxd4 d6 8.
Be2 Bg7 9. Be3 O-O 10. Qd2 Nd7 11. h4 a5 12. h5 Nc5 13. Bh6 Be6 14. Bxg7 Kxg7
15. hxg6 hxg6 16. Qh6+ Kf6 17. O-O-O Rh8 18. e5+ dxe5 19. Qe3 Rxh1 20. Rxh1 Qc7
21. Qxc5 1-0

[Event "Festival de Calviá 2016 - Aficionados"]
[Site "Calvia ESP"]
[Date "2016.10.13"]
[Round "6.29"]
[White "Nicholson, John"]
[Black "Bertz, Uwe"]
[Result "1/2-1/2"]
[WhiteElo "1773"]
[BlackElo "1996"]
[PlyCount "57"]
[EventDate "2016.10.08"]
[EventType "swiss"]
[EventRounds "9"]
[EventCountry "ESP"]
[SourceTitle "Ajedrez en Madrid"]
[Source "lmi"]
[SourceDate "2016.10.08"]

1. e4 e5 2. Nf3 Nc6 3. Bb5 a6 4. Ba4 Nf6 5. d3 d6 6. c3 Be7 7. O-O O-O 8. Re1
Bg4 9. Nbd2 b5 10. Bc2 Nb8 11. h3 Bh5 12. d4 Nbd7 13. Nf1 c5 14. g4 Bg6 15. Ng3
cxd4 16. cxd4 h5 17. g5 Nh7 18. h4 f6 19. Bb3+ Kh8 20. gxf6 Bxf6 21. Nf5 Bxf5
22. exf5 Bxh4 23. Re4 Bf6 24. Kg2 exd4 25. Nxd4 Nc5 26. Ne6 Nxe6 27. Rxe6 h4
28. Bf4 Be5 29. Bxe5 1/2-1/2

[Event "Festival de Calviá 2016 - Aficionados"]
[Site "Calvia ESP"]
[Date "2016.10.13"]
[Round "6.34"]
[White "Nesse, David"]
[Black "Bosschem, Eddy"]
[Result "0-1"]
[WhiteElo "1502"]
[BlackElo "1881"]
[PlyCount "46"]
[EventDate "2016.10.08"]
[EventType "swiss"]
[EventRounds "9"]
[EventCountry "ESP"]
[SourceTitle "Ajedrez en Madrid"]
[Source "lmi"]
[SourceDate "2016.10.08"]

1. e4 c5 2. Nc3 d6 3. g3 g6 4. Bg2 Nc6 5. d3 Bg7 6. Nh3 e6 7. O-O Nge7 8. f4
O-O 9. g4 f5 10. exf5 exf5 11. g5 d5 12. Qf3 Be6 13. Re1 Qd7 14. Bd2 Bf7 15.
Re2 Nd4 16. Qf2 Nxe2+ 17. Qxe2 Rfe8 18. Qf2 Bd4 19. Be3 Bxe3 20. Qxe3 d4 21.
Qd2 dxc3 22. Qxc3 Qd4+ 23. Qxd4 cxd4 0-1

[Event "Festival de Calviá 2016 - Aficionados"]
[Site "Calvia ESP"]
[Date "2016.10.13"]
[Round "6.40"]
[White "Mitenieks, Matiss"]
[Black "Febrero Perez, Lluis"]
[Result "1-0"]
[WhiteElo "1934"]
[BlackElo "1586"]
[PlyCount "61"]
[EventDate "2016.10.08"]
[EventType "swiss"]
[EventRounds "9"]
[EventCountry "ESP"]
[SourceTitle "Ajedrez en Madrid"]
[Source "lmi"]
[SourceDate "2016.10.08"]

1. d4 Nf6 2. Bg5 h6 3. Bh4 g5 4. Bg3 Bg7 5. e3 d6 6. Bd3 c5 7. c3 Nc6 8. f4 Bg4
9. Nf3 Nh5 10. d5 Nxg3 11. hxg3 Na5 12. fxg5 h5 13. Bb5+ Kf8 14. Be2 Qd7 15.
Nbd2 Qf5 16. e4 Qd7 17. O-O b5 18. Nh4 Ke8 19. Bxg4 Qxg4 20. Qxg4 hxg4 21. Rf4
Kd7 22. Rxf7 Be5 23. Ng6 Rhe8 24. Nxe5+ dxe5 25. g6 Nb7 26. Rf5 Nd6 27. Rxe5
Rg8 28. Rg5 Rg7 29. Rxg4 Rag8 30. Nf3 Rxg6 31. Ne5+ 1-0

[Event "Festival de Calviá 2016 - Aficionados"]
[Site "Calvia ESP"]
[Date "2016.10.13"]
[Round "6.42"]
[White "Schweighofer, Josef"]
[Black "Jaumandreu Llopis, Antonio"]
[Result "1/2-1/2"]
[WhiteElo "1820"]
[BlackElo "1497"]
[PlyCount "40"]
[EventDate "2016.10.08"]
[EventType "swiss"]
[EventRounds "9"]
[EventCountry "ESP"]
[SourceTitle "Ajedrez en Madrid"]
[Source "lmi"]
[SourceDate "2016.10.08"]

1. d4 Nf6 2. c4 c5 3. d5 b5 4. cxb5 a6 5. bxa6 g6 6. Nc3 Bxa6 7. Nf3 d6 8. e4
Bxf1 9. Kxf1 Bg7 10. g3 O-O 11. Kg2 Nbd7 12. Qe2 Qb6 13. Nb5 Nxe4 14. Qxe4 Qxb5
15. Qxe7 Ne5 16. Qxd6 Nxf3 17. Kxf3 Qd3+ 18. Kg2 Qe4+ 19. Kg1 Qe1+ 20. Kg2 Qe4+
1/2-1/2

[Event "Festival de Calviá 2016 - Aficionados"]
[Site "Calvia ESP"]
[Date "2016.10.13"]
[Round "6.47"]
[White "Courthaudon, Philippe"]
[Black "Wilson, Matthew R"]
[Result "0-1"]
[WhiteElo "1515"]
[BlackElo "1792"]
[PlyCount "56"]
[EventDate "2016.10.08"]
[EventType "swiss"]
[EventRounds "9"]
[EventCountry "ESP"]
[SourceTitle "Ajedrez en Madrid"]
[Source "lmi"]
[SourceDate "2016.10.08"]

1. g3 Nf6 2. Bg2 d5 3. e3 e5 4. d3 Bd6 5. Nd2 O-O 6. b3 c6 7. Bb2 Re8 8. Ne2
Nbd7 9. O-O Nf8 10. a3 Ng6 11. h3 h5 12. e4 Be6 13. Kh2 h4 14. Ng1 hxg3+ 15.
fxg3 Qe7 16. Qe2 a5 17. Ndf3 a4 18. b4 dxe4 19. dxe4 b5 20. Rfd1 Bc4 21. Qe3 c5
22. c3 Rac8 23. Bf1 Bxf1 24. Rxf1 Qb7 25. Rfe1 cxb4 26. Nd2 bxc3 27. Bxc3 Bc5
28. Qe2 Bxg1+ 0-1

[Event "Festival de Calviá 2016 - Aficionados"]
[Site "Calvia ESP"]
[Date "2016.10.13"]
[Round "6.53"]
[White "Koch-Muller, Victor"]
[Black "Mateu Moya, Pedro"]
[Result "0-1"]
[WhiteElo "1547"]
[BlackElo "1627"]
[PlyCount "62"]
[EventDate "2016.10.08"]
[EventType "swiss"]
[EventRounds "9"]
[EventCountry "ESP"]
[SourceTitle "Ajedrez en Madrid"]
[Source "lmi"]
[SourceDate "2016.10.08"]

1. c4 e6 2. Nc3 Nf6 3. g3 c6 4. e4 d5 5. e5 Nfd7 6. d4 dxc4 7. Bxc4 Nb6 8. Be2
Bb4 9. Bf3 O-O 10. Nge2 N8d7 11. O-O Nd5 12. Bd2 Be7 13. a3 N7b6 14. Qc2 Nc4
15. Be4 Nxd2 16. Qxd2 Bg5 17. Qd3 g6 18. Bg2 b6 19. b4 a5 20. Rab1 axb4 21.
axb4 Ra3 22. f4 Be7 23. Bxd5 exd5 24. Qd2 Bf5 25. Rb2 Qa8 26. b5 c5 27. dxc5
Bxc5+ 28. Nd4 Rc8 29. Nce2 Rd3 30. Qe1 Rxd4 31. Kg2 Be4+ 0-1

[Event "Festival de Calviá 2016 - Aficionados"]
[Site "Calvia ESP"]
[Date "2016.10.13"]
[Round "6.55"]
[White "Simo Bordoy, Guillermo"]
[Black "Baldo Company, Jordi"]
[Result "1-0"]
[WhiteElo "1983"]
[BlackElo "1708"]
[PlyCount "59"]
[EventDate "2016.10.08"]
[EventType "swiss"]
[EventRounds "9"]
[EventCountry "ESP"]
[SourceTitle "Ajedrez en Madrid"]
[Source "lmi"]
[SourceDate "2016.10.08"]

1. e4 c5 2. Nf3 d6 3. d4 cxd4 4. Nxd4 Nf6 5. Nc3 g6 6. Be3 Bg7 7. f3 O-O 8. Qd2
Bd7 9. O-O-O Nc6 10. g4 Ne5 11. Bh6 Rc8 12. h4 Qa5 13. Bxg7 Kxg7 14. h5 Nc4 15.
Bxc4 Rxc4 16. hxg6 fxg6 17. Nb3 Qc7 18. e5 dxe5 19. g5 Nh5 20. Qxd7 Rxf3 21.
Qxc7 Rxc7 22. Nd5 Rd7 23. Nc5 Rd6 24. Nxb7 Ra6 25. a3 Ng3 26. Rhe1 e6 27. Nf6
h5 28. Rd7+ Kf8 29. Nd8 Rxf6 30. gxf6 1-0

[Event "Festival de Calviá 2016 - Aficionados"]
[Site "Calvia ESP"]
[Date "2016.10.14"]
[Round "7.1"]
[White "Bebchuk, Boris"]
[Black "Ustianovich, Nazar"]
[Result "1/2-1/2"]
[WhiteElo "2125"]
[BlackElo "2316"]
[PlyCount "101"]
[EventDate "2016.10.08"]
[EventType "swiss"]
[EventRounds "9"]
[EventCountry "ESP"]
[SourceTitle "Ajedrez en Madrid"]
[Source "lmi"]
[SourceDate "2016.10.08"]

1. d4 Nf6 2. c4 e6 3. Nc3 Bb4 4. Qc2 c5 5. dxc5 Bxc5 6. Nf3 O-O 7. Bg5 h6 8.
Bh4 Be7 9. e3 b6 10. Be2 Bb7 11. O-O d6 12. Rfd1 a6 13. Rd2 Qc7 14. Rad1 Rd8
15. h3 Nbd7 16. Bg3 Nc5 17. Bh2 Rac8 18. Rc1 Qb8 19. Nd4 Qa8 20. f3 d5 21. cxd5
Nxd5 22. Nxd5 Bxd5 23. Qd1 Bg5 24. Kf2 b5 25. Bg3 Nd7 26. b3 Bf6 27. Rxc8 Qxc8
28. Nf5 Bxb3 29. Nxh6+ gxh6 30. Qxb3 Nc5 31. Qd1 Rxd2 32. Qxd2 Qd7 33. Qxd7
Nxd7 34. Bd6 Nb6 35. f4 Nd5 36. Bf3 Be7 37. Bxe7 Nxe7 38. Bb7 a5 39. e4 b4 40.
Ke3 a4 41. Kd2 f5 42. exf5 Nxf5 43. Bc6 a3 44. Be4 b3 45. Bb1 bxa2 46. Bxa2 Kf7
47. Kc3 Kf6 48. Kb4 Ng3 49. Kxa3 Ne2 50. g4 Nxf4 51. h4 1/2-1/2

[Event "Festival de Calviá 2016 - Aficionados"]
[Site "Calvia ESP"]
[Date "2016.10.14"]
[Round "7.2"]
[White "Kolotilina, Liudmila"]
[Black "Gavrish, Leonid"]
[Result "1-0"]
[WhiteElo "2143"]
[BlackElo "2158"]
[PlyCount "97"]
[EventDate "2016.10.08"]
[EventType "swiss"]
[EventRounds "9"]
[EventCountry "ESP"]
[SourceTitle "Ajedrez en Madrid"]
[Source "lmi"]
[SourceDate "2016.10.08"]

1. e4 d6 2. d4 Nf6 3. Nc3 g6 4. Bg5 h6 5. Be3 Ng4 6. Bd2 Bg7 7. h3 Nf6 8. Be3
c6 9. Qd2 b5 10. Bd3 Nbd7 11. Nf3 Nb6 12. b3 a6 13. O-O Qc7 14. a4 b4 15. Ne2
c5 16. dxc5 dxc5 17. Rad1 Bb7 18. Bf4 Qc6 19. Ng3 Nfd7 20. a5 Bc3 21. Qe2 e5
22. Bd2 Nc8 23. Bxc3 bxc3 24. Bc4 Nd6 25. Qd3 Nxc4 26. Qxc4 Qb5 27. Qxc3 Qb4
28. Qd3 O-O-O 29. Qd6 Rhe8 30. Qd2 Nf6 31. Qxb4 cxb4 32. Nd2 Rd4 33. Nc4 Red8
34. Rxd4 exd4 35. e5 Ne4 36. Nxe4 Bxe4 37. Nd6+ Rxd6 38. exd6 Bxc2 39. Rc1 d3
40. Kf1 Kd7 41. Ke1 Bxb3 42. Rb1 Bd5 43. Rxb4 Bxg2 44. h4 f6 45. Rg4 Bb7 46.
Rxg6 Kxd6 47. Rxf6+ Kc5 48. Rxh6 Kc4 49. Kd2 1-0

[Event "Festival de Calviá 2016 - Aficionados"]
[Site "Calvia ESP"]
[Date "2016.10.14"]
[Round "7.3"]
[White "Yanayt, Eugene"]
[Black "Galiana Salom, Juan Ramon"]
[Result "0-1"]
[WhiteElo "2200"]
[BlackElo "2262"]
[PlyCount "52"]
[EventDate "2016.10.08"]
[EventType "swiss"]
[EventRounds "9"]
[EventCountry "ESP"]
[SourceTitle "Ajedrez en Madrid"]
[Source "lmi"]
[SourceDate "2016.10.08"]

1. d4 Nf6 2. c4 c5 3. d5 b5 4. cxb5 a6 5. bxa6 g6 6. Nc3 Bxa6 7. g3 d6 8. Bg2
Bg7 9. Nf3 Nbd7 10. Rb1 Nb6 11. b3 Bb7 12. Nh4 O-O 13. O-O Qd7 14. Bb2 h6 15.
e4 Rfb8 16. Re1 Nh7 17. Qc2 Ng5 18. f4 Nh7 19. Rbd1 c4 20. e5 cxb3 21. axb3 Nf8
22. e6 fxe6 23. Bh3 Nxd5 24. Nxg6 Nc7 25. f5 Nxg6 26. fxg6 Qc6 0-1

[Event "Festival de Calviá 2016 - Aficionados"]
[Site "Calvia ESP"]
[Date "2016.10.14"]
[Round "7.4"]
[White "Jekabsons, Ivars"]
[Black "Lacrosse, Marc"]
[Result "0-1"]
[WhiteElo "2126"]
[BlackElo "2247"]
[PlyCount "52"]
[EventDate "2016.10.08"]
[EventType "swiss"]
[EventRounds "9"]
[EventCountry "ESP"]
[SourceTitle "Ajedrez en Madrid"]
[Source "lmi"]
[SourceDate "2016.10.08"]

1. e4 e5 2. Nf3 Nc6 3. Bb5 a6 4. Ba4 Nf6 5. d4 exd4 6. O-O Be7 7. Re1 b5 8. Bb3
d6 9. Bd5 Nxd5 10. exd5 Ne5 11. Nxd4 O-O 12. f4 Bg4 13. Qd2 Nc4 14. Qd3 Bf6 15.
Nc3 Re8 16. Rf1 Qd7 17. a4 c5 18. Nc6 Bf5 19. Qd1 b4 20. Ne2 Bxb2 21. Na5 Bxa1
22. Nxc4 Bg4 23. Be3 Rxe3 24. Nxe3 Bd4 25. Qd3 Bxe3+ 26. Qxe3 Re8 0-1

[Event "Festival de Calviá 2016 - Aficionados"]
[Site "Calvia ESP"]
[Date "2016.10.14"]
[Round "7.5"]
[White "Hristodorescu, Daniel"]
[Black "Grichkevitch, Gilles"]
[Result "1/2-1/2"]
[WhiteElo "2229"]
[BlackElo "2016"]
[PlyCount "72"]
[EventDate "2016.10.08"]
[EventType "swiss"]
[EventRounds "9"]
[EventCountry "ESP"]
[SourceTitle "Ajedrez en Madrid"]
[Source "lmi"]
[SourceDate "2016.10.08"]

1. e4 c5 2. Nf3 e6 3. c3 Nf6 4. e5 Nd5 5. d4 cxd4 6. cxd4 d6 7. Nc3 Nd7 8. Nxd5
exd5 9. Qb3 dxe5 10. Bb5 Be7 11. Nxe5 O-O 12. Bxd7 Bxd7 13. O-O Bc6 14. Be3 Qb6
15. Qxb6 axb6 16. a3 Bb5 17. Rfc1 f6 18. Nf3 Rfc8 19. Bf4 Rc6 20. Bc7 Rxc1+ 21.
Rxc1 Rc8 22. Rc3 Be8 23. Nd2 b5 24. Ba5 Rxc3 25. Bxc3 b6 26. Nf1 Kf7 27. Ne3
Ke6 28. Kf1 f5 29. Ke2 h5 30. Nc2 Bd6 31. h3 g5 32. Bb4 Bc7 33. Bd2 f4 34. f3
Bd6 35. Ne1 Bg6 36. Nd3 h4 1/2-1/2

[Event "Festival de Calviá 2016 - Aficionados"]
[Site "Calvia ESP"]
[Date "2016.10.14"]
[Round "7.6"]
[White "Cip, Dalibor"]
[Black "Greiff, Hakan"]
[Result "1/2-1/2"]
[WhiteElo "2141"]
[BlackElo "2212"]
[PlyCount "142"]
[EventDate "2016.10.08"]
[EventType "swiss"]
[EventRounds "9"]
[EventCountry "ESP"]
[SourceTitle "Ajedrez en Madrid"]
[Source "lmi"]
[SourceDate "2016.10.08"]

1. c4 e6 2. g3 d5 3. Bg2 Nf6 4. Nf3 Be7 5. O-O O-O 6. b3 dxc4 7. bxc4 c5 8. Bb2
Nc6 9. Ne5 Nxe5 10. Bxe5 Ng4 11. Bc3 Qc7 12. d3 Rd8 13. Qb3 Bf6 14. Bxf6 Nxf6
15. Nc3 Rb8 16. Nb5 Qa5 17. Rab1 Bd7 18. Nd6 Bc6 19. Bxc6 Rxd6 20. Bf3 Qc7 21.
Qc3 b6 22. Kg2 Rbd8 23. h4 Rd4 24. Qc2 Nd7 25. Kg1 Ne5 26. Bg2 h6 27. Qa4 Qe7
28. Qa6 g5 29. hxg5 hxg5 30. Qb7 R4d7 31. Qe4 Ng6 32. Qe3 f5 33. a4 Qf6 34. a5
f4 35. Qe4 Rd4 36. Qb7 R4d7 37. Qe4 Rd6 38. axb6 axb6 39. Qb7 R8d7 40. Qa8+ Kg7
41. Qa1 Ne5 42. Be4 Ng4 43. Qxf6+ Nxf6 44. Bg2 Ra7 45. Rb2 Nd7 46. Be4 Nf6 47.
Bg2 Ra3 48. Rfb1 Nd7 49. Bb7 Kf6 50. gxf4 gxf4 51. Kg2 Ne5 52. Rxb6 Rd7 53. Be4
Rg7+ 54. Kf1 f3 55. R6b3 fxe2+ 56. Kxe2 Rxb3 57. Rxb3 Rc7 58. Rb6 Ke7 59. Rb7
Rxb7 60. Bxb7 Ng6 61. Ke3 e5 62. Ke4 Kd6 63. Bc8 Ne7 64. Bb7 Ng6 65. Kf5 Nf4
66. Ke4 Ne2 67. Ke3 Nd4 68. f4 exf4+ 69. Kxf4 Nc2 70. Ke4 Nd4 71. Bc8 Nc2
1/2-1/2

[Event "Festival de Calviá 2016 - Aficionados"]
[Site "Calvia ESP"]
[Date "2016.10.14"]
[Round "7.7"]
[White "Ponce Cano, Adrian"]
[Black "Voiteanu, Gabriel"]
[Result "1/2-1/2"]
[WhiteElo "2121"]
[BlackElo "2207"]
[PlyCount "78"]
[EventDate "2016.10.08"]
[EventType "swiss"]
[EventRounds "9"]
[EventCountry "ESP"]
[SourceTitle "Ajedrez en Madrid"]
[Source "lmi"]
[SourceDate "2016.10.08"]

1. e4 e5 2. Nf3 Nf6 3. Nxe5 d6 4. Nf3 Nxe4 5. d4 d5 6. Bd3 Be7 7. O-O Nc6 8. c3
Bg4 9. Nbd2 f5 10. Qb3 Na5 11. Qa4+ c6 12. Ne5 Bh5 13. f3 Nd6 14. Qc2 O-O 15.
b4 Nac4 16. Ndxc4 dxc4 17. Nxc4 Nxc4 18. Bxc4+ Bf7 19. Bxf7+ Rxf7 20. Qb3 Qd5
21. Bf4 Bf6 22. Rfe1 b5 23. Qxd5 cxd5 24. Bd6 Rd7 25. Bc5 a5 26. bxa5 Rxa5 27.
Reb1 Kf7 28. Rb3 Rb7 29. a4 Ra8 30. Rb4 Be7 31. Bxe7 Kxe7 32. Re1+ Kd6 33. axb5
Ra3 34. Rc1 Ra2 35. Rcb1 Rc2 36. R4b3 Re7 37. b6 Ree2 38. b7 Rxg2+ 39. Kf1
Rgf2+ 1/2-1/2

[Event "Festival de Calviá 2016 - Aficionados"]
[Site "Calvia ESP"]
[Date "2016.10.14"]
[Round "7.8"]
[White "Alemany Jara, Alejandro"]
[Black "Walton, Alan J"]
[Result "0-1"]
[WhiteElo "1989"]
[BlackElo "2198"]
[PlyCount "118"]
[EventDate "2016.10.08"]
[EventType "swiss"]
[EventRounds "9"]
[EventCountry "ESP"]
[SourceTitle "Ajedrez en Madrid"]
[Source "lmi"]
[SourceDate "2016.10.08"]

1. e4 e6 2. d4 d5 3. Nd2 Be7 4. Ngf3 Nf6 5. e5 Nfd7 6. Bd3 b6 7. O-O c5 8. c3
Ba6 9. Ne1 Bxd3 10. Nxd3 Nc6 11. Qg4 g6 12. Nf3 Qc7 13. Nf4 O-O-O 14. Nxe6 fxe6
15. Qxe6 Kb7 16. Bg5 Nf8 17. Qg4 h6 18. Bf6 Bxf6 19. exf6 Qf7 20. dxc5 bxc5 21.
Qa4 Qxf6 22. Qb5+ Kc7 23. Qxc5 Ne6 24. Qb5 Rb8 25. Qxd5 Rhd8 26. Qc4 Rxb2 27.
Rae1 Rd6 28. Re3 Kb8 29. Rfe1 Ned8 30. h3 Qf7 31. Qh4 Qxa2 32. Ne5 Nxe5 33.
Rxe5 Rb1 34. Qf4 Rxe1+ 35. Rxe1 Qd2 36. Rb1+ Nb7 37. Qf8+ Rd8 38. Qg7 Qd5 39.
Qxh6 a5 40. Qf4+ Rd6 41. c4 Qd3 42. Rb5 Ka7 43. Qf7 Rd7 44. Qe6 Qd1+ 45. Kh2
Qd6+ 46. Qxd6 Rxd6 47. Rg5 a4 48. Rg3 Nc5 49. Ra3 Ka6 50. Ra2 Ka5 51. g4 Kb4
52. f4 Kb3 53. Ra1 Kb2 54. Rxa4 Nxa4 55. Kg3 Nc5 56. f5 g5 57. h4 Rd3+ 58. Kg2
gxh4 59. f6 Rg3+ 0-1

[Event "Festival de Calviá 2016 - Aficionados"]
[Site "Calvia ESP"]
[Date "2016.10.14"]
[Round "7.9"]
[White "Bryant, Richard B E"]
[Black "Viskelis, Darius"]
[Result "0-1"]
[WhiteElo "1998"]
[BlackElo "2305"]
[PlyCount "86"]
[EventDate "2016.10.08"]
[EventType "swiss"]
[EventRounds "9"]
[EventCountry "ESP"]
[SourceTitle "Ajedrez en Madrid"]
[Source "lmi"]
[SourceDate "2016.10.08"]

1. e4 c5 2. Nc3 Nc6 3. g3 g6 4. Bg2 Bg7 5. d3 e6 6. f4 f5 7. Nf3 Nge7 8. O-O
O-O 9. Re1 Nd4 10. Nxd4 cxd4 11. Ne2 Qb6 12. Kh1 d6 13. c4 fxe4 14. dxe4 Qb4
15. a3 Qxc4 16. Bd2 Nc6 17. Rc1 Qd3 18. Rc2 Bd7 19. Nc1 Qb5 20. b3 Rac8 21. Bf1
Qb6 22. b4 Ne7 23. Rxc8 Rxc8 24. Bg2 Qa6 25. Qb3 Qa4 26. Qxa4 Bxa4 27. Bh3 Bd7
28. Nd3 Rc2 29. Bc1 Kf7 30. Kg1 Bb5 31. Bf1 a6 32. Rd1 Nc8 33. e5 Ra2 34. Rd2
Rxd2 35. Bxd2 Bxd3 36. Bxd3 dxe5 37. fxe5 Bxe5 38. Be4 Nd6 39. Bd3 Bf6 40. Kg2
e5 41. Kf3 Ke6 42. Bc2 Kd5 43. Bb3+ Nc4 0-1

[Event "Festival de Calviá 2016 - Aficionados"]
[Site "Calvia ESP"]
[Date "2016.10.14"]
[Round "7.14"]
[White "Cemborain Oricain, Alfonso"]
[Black "Asensio Ramos, Enrique Fernand"]
[Result "0-1"]
[WhiteElo "1945"]
[BlackElo "2077"]
[PlyCount "40"]
[EventDate "2016.10.08"]
[EventType "swiss"]
[EventRounds "9"]
[EventCountry "ESP"]
[SourceTitle "Ajedrez en Madrid"]
[Source "lmi"]
[SourceDate "2016.10.08"]

1. e4 g6 2. d4 Bg7 3. Nc3 c6 4. Nf3 Nf6 5. Be2 d5 6. e5 Ne4 7. Nxe4 dxe4 8. Ng5
c5 9. c3 cxd4 10. cxd4 Nc6 11. Be3 Qa5+ 12. Kf1 O-O 13. Nxe4 Rd8 14. f4 Nxd4
15. Bxd4 Qb4 16. a3 Qxd4 17. Bf3 Bf5 18. Qe2 Rac8 19. g4 Bxe4 20. Bxe4 Rc4 0-1

[Event "Festival de Calviá 2016 - Aficionados"]
[Site "Calvia ESP"]
[Date "2016.10.14"]
[Round "7.16"]
[White "Dugailliez, Guy"]
[Black "Reuker, Jari"]
[Result "1/2-1/2"]
[WhiteElo "1999"]
[BlackElo "2269"]
[PlyCount "43"]
[EventDate "2016.10.08"]
[EventType "swiss"]
[EventRounds "9"]
[EventCountry "ESP"]
[SourceTitle "Ajedrez en Madrid"]
[Source "lmi"]
[SourceDate "2016.10.08"]

1. e4 c5 2. Nc3 Nc6 3. f4 g6 4. Bc4 Bg7 5. Nf3 a6 6. a4 e6 7. f5 Nge7 8. fxe6
fxe6 9. d3 d5 10. exd5 exd5 11. Ba2 O-O 12. O-O Bg4 13. Bg5 Qd6 14. Ne4 Qc7 15.
c3 b6 16. Qd2 Bxf3 17. gxf3 Kh8 18. Ng3 b5 19. Rae1 c4 20. d4 Rae8 21. axb5
axb5 22. Bb1 1/2-1/2